Engineering vibration / (Record no. 11488)
[ view plain ]
| 000 -LEADER | |
|---|---|
| fixed length control field | 00739nam a22001937a 4500 |
| 008 - FIXED-LENGTH DATA ELEMENTS--GENERAL INFORMATION | |
| fixed length control field | 090504t xxu||||| |||| 00| 0 eng d |
| 020 ## - INTERNATIONAL STANDARD BOOK NUMBER | |
| International Standard Book Number | 9780131363113 |
| 020 ## - INTERNATIONAL STANDARD BOOK NUMBER | |
| International Standard Book Number | 0131363115 |
| 082 ## - DEWEY DECIMAL CLASSIFICATION NUMBER | |
| Edition number | 21 |
| Classification number | 620.3 |
| Item number | INM |
| 100 ## - MAIN ENTRY--PERSONAL NAME | |
| Personal name | Inman, Daniel J. |
| Dates associated with a name | 1947- |
| 9 (RLIN) | 4558 |
| 245 ## - TITLE STATEMENT | |
| Title | Engineering vibration / |
| Statement of responsibility, etc | Daniel J. Inman. |
| 250 ## - EDITION STATEMENT | |
| Edition statement | 3rd ed. |
| Remainder of edition statement | Pearson International Edition. |
| 260 ## - PUBLICATION, DISTRIBUTION, ETC. (IMPRINT) | |
| Place of publication, distribution, etc | Upper Saddle River, N.J. : |
| Name of publisher, distributor, etc | Prentice Hall, |
| Date of publication, distribution, etc | c2009. |
| 300 ## - PHYSICAL DESCRIPTION | |
| Extent | xiv, 669p.; |
| Other physical details | ill.; |
| Dimensions | 24 cm. |
| 504 ## - BIBLIOGRAPHY, ETC. NOTE | |
| Bibliography, etc | Includes bibliographical references and index. |
| 650 ## - SUBJECT ADDED ENTRY--TOPICAL TERM | |
| Topical term or geographic name as entry element | Vibration. |
| 9 (RLIN) | 4559 |
| 942 ## - ADDED ENTRY ELEMENTS (KOHA) | |
| Source of classification or shelving scheme | Dewey Decimal Classification |
| Item type | Book - Borrowing |
| Withdrawn status | Item status | Source of classification or shelving scheme | Damaged status | Not for loan | Vendor | Home library | Current library | Shelving location | Date acquired | Source of acquisition | Cost, normal purchase price | Serial Enumeration / chronology | Total Checkouts | Total Renewals | Full call number | Barcode | Date last seen | Date last borrowed | Koha item type |
|---|---|---|---|---|---|---|---|---|---|---|---|---|---|---|---|---|---|---|---|
| Dewey Decimal Classification | Alahram | Central Library | Central Library | First floor | 04/05/2009 | 225.00 | 353 | 2 | 1 | 620.3 INM | 000015586 | 15/07/2025 | 21/10/2012 | Book - Borrowing |